|
|
|
|
| LEADER |
01138nam a2200229 a 4500 |
| 001 |
GR-Patra15023 |
| 008 |
021115s19uu gr e b 000 0 gre d |
| 040 |
|
|
|a GrPaTEI
|b gre
|c GR-PaULI
|
| 040 |
|
|
|a GrPaTEI
|b gre
|c GR-PaULI
|
| 082 |
|
0 |
|a 658.45
|2 21
|
| 100 |
1 |
|
|a Κόντης, Θεμιστοκλής
|
| 245 |
1 |
0 |
|a Επιχειρησιακές επικοινωνίες /
|c Θεμιστοκλή Κόντη.
|
| 260 |
|
|
|a Αθήνα :
|b Σύγχρονη Εκδοτική,
|c [19--]
|
| 300 |
|
|
|a 238σ.
|
| 504 |
|
|
|a Περιλαμβάνει βιβλιογραφία.
|
| 650 |
|
4 |
|a Επιχειρησιακή επικοινωνία
|
| 710 |
0 |
|
|a Σύγχρονη Εκδοτική
|
| 942 |
|
|
|2 ddc
|
| 971 |
|
|
|a .b26625386
|b 16-04-20
|c 23-09-16
|
| 999 |
|
|
|c 171765
|d 171765
|
| 952 |
|
|
|0 0
|1 0
|2 ddc
|4 0
|6 658_450000000000000_KON
|7 0
|9 293854
|a LISK
|b LISK
|c ALF
|d 2021-01-17
|e 24
|f 0
|g 0.00
|l 0
|o 658.45 KON
|p 92410018007
|r 2021-01-17
|t 1
|w 2021-01-17
|y BK15
|x 20030730 0 1
|x GrPaTEI
|
| 952 |
|
|
|0 0
|1 0
|2 ddc
|4 0
|6 658_450000000000000_ΚΟΝ
|7 0
|9 293855
|a LISK
|b LISK
|c ALF
|d 2021-01-17
|e 24
|f 0
|g 0.00
|l 0
|o 658.45 ΚΟΝ
|p 92410018106
|r 2021-01-17
|t 1
|w 2021-01-17
|y BK15
|x 20021115 0 1
|x GrPaTEI
|